000
00335nam a2200133 4500
008
170216s2006||||GB d
245
1
0
_a
Oxford Essential Dictionary
250
_a
1. vydanie
260
_b
Oxford University Press
_c
2006
_a
Oxford
020
_c
0
_a
978-0-19-431722-1
044
_a
GB
300
_a
488 s.
958
_a
APR
999
_c
21300
_d
21300